000
00329nam a2200133Ia 4500
008
220204s9999 xx 000 0 und d
082
_a
581.5
_b
ECO;1
245
0
_a
Water and plant life
260
_a
Berlin
_b
Springer
_c
1976
490
_a
Ecological studies 19
650
_a
Water relations
700
_a
Lange, O L
942
_c
BK
999
_c
26545
_d
26545